[Event "GRENKE Chess Open 2024"]
[Site "Karlsruhe"]
[Date "2024.04.01"]
[Round "8.39"]
[White "Pipiras, Filipa Fortuna"]
[Black "Kuhn, Clement"]
[Result "1/2-1/2"]
[WhiteElo "2207"]
[BlackElo "2349"]
[Annotator "RC"]
[PlyCount "128"]
[EventDate "2024.03.28"]
[EventType "swiss"]
[EventCountry "GER"]
[SourceTitle "playchess.com"]
[Source "ChessBase"]
[SourceQuality "1"]

1. d4 g6 2. c4 Bg7 3. Nc3 d6 4. e4 Nf6 5. Be2 O-O 6. Be3 c5 7. d5 e6 8. Nf3 exd5 9. cxd5 Re8 10. Nd2 Na6 11. O-O Nc7 12. a4 Qe7 13. Re1 Bd7 14. h3 a6 15. Bf4 b5 16. Bf3 Qf8 17. axb5 axb5 18. Rxa8 Nxa8 19. e5 dxe5 20. Bxe5 b4 21. Ncb1 Nb6 22. d6 Bf5 23. b3 Re6 24. Bc6 Rxe5 25. Rxe5 Qxd6 26. Rxf5 gxf5 27. Qf3 Qe5 28. Bb5 Bh6 29. Bd3 Bxd2 30. Nxd2 f4 31. Ne4 Nbd7 32. Nxf6+ Nxf6 33. Qb7 Qe1+ 34. Bf1 Kg7 35. Qc7 Qc1 36. Qe5 h6 37. Qc7 Kg6 38. Qd6 Qc3 39. Bd3+ Kg7 40. Bc4 Qe1+ 41. Kh2 Qxf2 42. Qe7 Qg3+ 43. Kh1 Qg6 44. Qxc5 Nh5 45. Qe5+ Kh7 46. Kh2 f5 47. Qe7+ Qg7 48. Qe2 Qg3+ 49. Kh1 Ng7 50. Qd1 Qe3 51. Qd5 Qe7 52. Qg8+ Kg6 53. Qd5 h5 54. Qc6+ Kh7 55. Qf3 Qe1+ 56. Kh2 Qe5 57. Kh1 Qd6 58. Qe2 h4 59. Qf2 Qh6 60. Qd2 f3 61. Bg8+ Kg6 62. Bf7+ Kh7 63. Bg8+ Kg6 64. Bf7+ Kh7 1/2-1/2

[Event "GRENKE Chess Open 2024"]
[Site "Karlsruhe"]
[Date "2024.04.01"]
[Round "8.40"]
[White "Gnojek, Petr"]
[Black "Gallasch, Jonas"]
[Result "1-0"]
[WhiteElo "2414"]
[BlackElo "2291"]
[Annotator "ChessBase"]
[PlyCount "63"]
[EventDate "2024.03.28"]
[EventType "swiss"]
[EventCountry "GER"]
[SourceTitle "playchess.com"]
[Source "ChessBase"]
[SourceQuality "1"]

1. d4 Nf6 2. c4 g6 3. f3 d5 4. cxd5 Nxd5 5. e4 Nb6 6. Nc3 Bg7 7. Be3 O-O 8. Qd2 e5 9. d5 c6 10. O-O-O cxd5 11. exd5 Na6 12. h4 Nc7 13. h5 Bf5 14. g4 Ncxd5 15. gxf5 Rc8 16. hxg6 Qf6 17. Bxb6 Nxc3 18. bxc3 Qxb6 19. Rxh7 Rfd8 20. Bd3 e4 21. Rxg7+ Kxg7 22. fxe4 Qa5 23. Ne2 Qa3+ 24. Kb1 Rc6 25. Rh1 Rb6+ 26. Ka1 Rxd3 27. Rh7+ Kf8 28. Qh6+ Ke7 29. Rxf7+ Kd6 30. Qf8+ Ke5 31. Qxa3 Rd1+ 32. Nc1 1-0

[Event "GRENKE Chess Open 2024"]
[Site "Karlsruhe"]
[Date "2024.04.01"]
[Round "8.40"]
[White "Fishchuk, Vladyslav"]
[Black "Wenninger, Philipp"]
[Result "1-0"]
[WhiteElo "2203"]
[BlackElo "2348"]
[Annotator "ChessBase"]
[PlyCount "77"]
[EventDate "2024.03.28"]
[EventType "swiss"]
[EventCountry "GER"]
[SourceTitle "playchess.com"]
[Source "ChessBase"]
[SourceQuality "1"]

1. c4 e5 2. g3 Nf6 3. Bg2 c6 4. Nf3 e4 5. Nd4 d5 6. cxd5 Qxd5 7. e3 Qe5 8. f4 exf3 9. Nxf3 Qh5 10. O-O Bd6 11. Nc3 O-O 12. d4 Bf5 13. Qb3 Na6 14. a3 Be6 15. Qxb7 Bc4 16. Qxc6 Bxf1 17. Kxf1 Rad8 18. Qxa6 Rfe8 19. Kg1 Re6 20. Qd3 Rde8 21. Bd2 Ng4 22. e4 Rg6 23. e5 Bc7 24. Ne2 Bb6 25. Nf4 Nxe5 26. Nxe5 Qxe5 27. Nxg6 Bxd4+ 28. Kh1 hxg6 29. Re1 Qxe1+ 30. Bxe1 Rxe1+ 31. Bf1 Bxb2 32. Kg2 Bf6 33. Qd7 Re7 34. Qd8+ Kh7 35. Qf8 Rc7 36. Bd3 Rc3 37. Be4 a5 38. Qxf7 Rxa3 39. Qxg6+ 1-0

[Event "GRENKE Chess Open 2024"]
[Site "Karlsruhe"]
[Date "2024.04.01"]
[Round "8.41"]
[White "Lenaerts, Lennert"]
[Black "Van Roon, Sjoerd"]
[Result "0-1"]
[WhiteElo "2347"]
[BlackElo "2238"]
[Annotator "ChessBase"]
[PlyCount "60"]
[EventDate "2024.03.28"]
[EventType "swiss"]
[EventCountry "GER"]
[SourceTitle "playchess.com"]
[Source "ChessBase"]
[SourceQuality "1"]

1. e4 c5 2. Nf3 Nc6 3. Bb5 g6 4. O-O Bg7 5. c3 e5 6. d4 cxd4 7. cxd4 Nxd4 8. Nxd4 exd4 9. Bf4 Ne7 10. Qf3 O-O 11. Nd2 d5 12. e5 a6 13. Bd3 Nc6 14. Rfe1 Be6 15. Qg3 Nb4 16. Nb3 Qb6 17. Rad1 Nxa2 18. Bb1 Nc3 19. bxc3 Qxb3 20. Rxd4 Rfc8 21. Rc1 a5 22. h4 Rc4 23. Rxc4 dxc4 24. Be4 a4 25. Rb1 a3 26. Rxb3 cxb3 27. Bc1 a2 28. Bb2 a1=Q+ 29. Bxa1 Rxa1+ 30. Kh2 b2 0-1

[Event "GRENKE Chess Open 2024"]
[Site "Karlsruhe"]
[Date "2024.04.01"]
[Round "8.41"]
[White "Bettalli, Francesco"]
[Black "Nemec, Jachym"]
[Result "1-0"]
[WhiteElo "2309"]
[BlackElo "2412"]
[Annotator "RC"]
[PlyCount "75"]
[EventDate "2024.03.28"]
[EventType "swiss"]
[EventCountry "GER"]
[SourceTitle "playchess.com"]
[Source "ChessBase"]
[SourceQuality "1"]

1. e4 c5 2. Nf3 d6 3. d4 cxd4 4. Nxd4 Nf6 5. Nc3 a6 6. Qd3 e5 7. Nf5 h6 8. Ne3 Be6 9. g3 Nc6 10. Bg2 Rc8 11. O-O Be7 12. Ncd5 Bxd5 13. exd5 Nb8 14. c4 Nbd7 15. b4 O-O 16. Bb2 Re8 17. Rac1 Bf8 18. Qb3 g6 19. Rfd1 Qb6 20. Bh3 Rcd8 21. Ba3 Qa7 22. c5 dxc5 23. d6 b6 24. bxc5 Nxc5 25. Bxc5 bxc5 26. Nc4 e4 27. Qc3 Nd7 28. Qa5 f5 29. Qc7 Ra8 30. Qc6 Rac8 31. Qd5+ Kg7 32. Rb1 Rb8 33. Rxb8 Qxb8 34. Qc6 Qb5 35. Qc7 Rb8 36. Bf1 Rb7 37. Ne5 Qb2 38. Nxd7 1-0

[Event "GRENKE Chess Open 2024"]
[Site "Karlsruhe"]
[Date "2024.04.01"]
[Round "8.42"]
[White "Decuigniere, Tom"]
[Black "Frank, Adam"]
[Result "1/2-1/2"]
[WhiteElo "2402"]
[BlackElo "2284"]
[Annotator "TA"]
[PlyCount "87"]
[EventDate "2024.03.28"]
[EventType "swiss"]
[EventCountry "GER"]
[SourceTitle "playchess.com"]
[Source "ChessBase"]
[SourceQuality "1"]

1. d4 g6 2. c4 Bg7 3. e4 d6 4. Nc3 Nd7 5. Nf3 e5 6. Be2 Ngf6 7. O-O O-O 8. Be3 exd4 9. Nxd4 Re8 10. f3 a5 11. Qd2 Ne5 12. Rac1 Bd7 13. Rfd1 a4 14. Ndb5 b6 15. Nd5 Bxb5 16. cxb5 Nxd5 17. Qxd5 Ra7 18. Rc2 Nd7 19. Bc4 Qe7 20. Qd2 Nc5 21. Bd5 Bf6 22. Rc4 Ra5 23. Bc6 Rf8 24. f4 Bg7 25. f5 Nd7 26. Bg5 Bf6 27. Bxf6 Nxf6 28. Qf4 Nh5 29. Qf3 Qe5 30. Qc3 Nf6 31. Qxe5 dxe5 32. Rd3 Kg7 33. Kf2 Ne8 34. g4 Nd6 35. Rb4 Kf6 36. h4 gxf5 37. exf5 h5 38. g5+ Kxf5 39. Rf3+ Kg6 40. Rf6+ Kg7 41. Ke3 Rd8 42. a3 Rh8 43. Rf2 Rd8 44. Rf6 1/2-1/2

[Event "GRENKE Chess Open 2024"]
[Site "Karlsruhe"]
[Date "2024.04.01"]
[Round "8.42"]
[White "Skawinski, Arkadiusz"]
[Black "Degardin, Sylvain"]
[Result "1-0"]
[WhiteElo "2347"]
[BlackElo "2235"]
[Annotator "ChessBase"]
[PlyCount "57"]
[EventDate "2024.03.28"]
[EventType "swiss"]
[EventCountry "GER"]
[SourceTitle "playchess.com"]
[Source "ChessBase"]
[SourceQuality "1"]

1. d4 Nf6 2. Bg5 d5 3. Bxf6 gxf6 4. e3 c5 5. dxc5 Nc6 6. Bb5 e5 7. Nf3 Bxc5 8. c4 dxc4 9. Qc2 Qd3 10. Qxc4 Qxc4 11. Bxc4 Be6 12. Nbd2 O-O-O 13. Rc1 Be7 14. Ke2 Kb8 15. a3 Rc8 16. Rhd1 Rc7 17. Rc2 Rg8 18. Bxe6 fxe6 19. g3 Rd8 20. Rdc1 Rcd7 21. Rc4 f5 22. e4 Bg5 23. R1c2 Nd4+ 24. Nxd4 exd4 25. Kd3 Bxd2 26. Rxd2 b6 27. exf5 exf5 28. Re2 Rd5 29. Re7 1-0

[Event "GRENKE Chess Open 2024"]
[Site "Karlsruhe"]
[Date "2024.04.01"]
[Round "8.43"]
[White "Braun, Vitali"]
[Black "Hinrichs, Paul"]
[Result "1-0"]
[WhiteElo "2344"]
[BlackElo "2227"]
[Annotator "RC"]
[PlyCount "76"]
[EventDate "2024.03.28"]
[EventType "swiss"]
[EventCountry "GER"]
[SourceTitle "playchess.com"]
[Source "ChessBase"]
[SourceQuality "1"]

1. d4 d5 2. c4 c6 3. Nf3 Nf6 4. Qb3 dxc4 5. Qxc4 Bf5 6. g3 e6 7. Bg2 Be7 8. O-O O-O 9. e3 Nbd7 10. Qe2 Bg6 11. Nc3 b5 12. Rd1 Qc7 13. b3 Ne4 14. Bb2 Nxc3 15. Bxc3 Be4 16. Rac1 Rac8 17. Bb2 Qb7 18. Ne1 Bxg2 19. Kxg2 c5+ 20. Qf3 Qxf3+ 21. Nxf3 Bf6 22. Ba3 Be7 23. dxc5 Nxc5 24. Nd4 Rfd8 25. Nxb5 Rxd1 26. Rxd1 a6 27. Nd4 e5 28. Rc1 Rc7 29. Nf5 Bf8 30. Bxc5 Rxc5 31. Rxc5 Bxc5 32. e4 h5 33. Kf3 g6 34. Ne3 f6 35. Nd5 Kf7 36. b4 Bd6 37. Ke3 Ke6 38. f3 f5 1-0

[Event "GRENKE Chess Open 2024"]
[Site "Karlsruhe"]
[Date "2024.04.01"]
[Round "8.43"]
[White "Senthil Maran K"]
[Black "Papasimakopoulos, Alexandros"]
[Result "0-1"]
[WhiteElo "2301"]
[BlackElo "2402"]
[Annotator "TA"]
[PlyCount "104"]
[EventDate "2024.03.28"]
[EventType "swiss"]
[EventCountry "GER"]
[SourceTitle "playchess.com"]
[Source "ChessBase"]
[SourceQuality "1"]

1. d4 e6 2. Nf3 Nf6 3. c4 b6 4. g3 Ba6 5. Qa4 Bb7 6. Bg2 c5 7. O-O Be7 8. Nc3 cxd4 9. Nxd4 Bxg2 10. Kxg2 O-O 11. Rd1 Qc8 12. Bf4 a6 13. Rac1 Qb7+ 14. Kg1 d6 15. Nf3 Rd8 16. Rd2 h6 17. Qd1 Ne8 18. h4 Nd7 19. a4 Rac8 20. b3 Ndf6 21. Nh2 Ne4 22. Nxe4 Qxe4 23. Nf3 Qf5 24. Be3 Rb8 25. Nd4 Qe4 26. Qf1 Rdc8 27. Qg2 Nf6 28. Rdd1 Kf8 29. Qxe4 Nxe4 30. Kg2 Nc5 31. Rb1 Rb7 32. f3 Bf6 33. Nc2 Ke7 34. Bd4 b5 35. Bxf6+ gxf6 36. axb5 axb5 37. cxb5 Rxb5 38. Nd4 Rb4 39. Ra1 f5 40. Ra5 Nxb3 41. Nxb3 Rxb3 42. Ra7+ Kf6 43. Rxd6 Rc2 44. Rdd7 Rxe2+ 45. Kh3 Rxf3 46. Rxf7+ Kg6 47. Rg7+ Kh5 48. Ra5 e5 49. Rb5 Rff2 50. g4+ fxg4+ 51. Rxg4 Rh2+ 52. Kg3 Reg2+ 0-1

[Event "GRENKE Chess Open 2024"]
[Site "Karlsruhe"]
[Date "2024.04.01"]
[Round "8.44"]
[White "De Boer, Eelke"]
[Black "Albers, Sasa"]
[Result "1/2-1/2"]
[WhiteElo "2395"]
[BlackElo "2269"]
[Annotator "RC"]
[PlyCount "147"]
[EventDate "2024.03.28"]
[EventType "swiss"]
[EventCountry "GER"]
[SourceTitle "playchess.com"]
[Source "ChessBase"]
[SourceQuality "1"]

1. e4 c6 2. d4 d5 3. e5 c5 4. Nf3 Bg4 5. dxc5 e6 6. Bb5+ Nd7 7. b4 a5 8. c3 Ne7 9. Nbd2 Nc6 10. h3 Bxf3 11. Nxf3 axb4 12. Bxc6 bxc6 13. cxb4 Qb8 14. a3 Nxe5 15. O-O Nxf3+ 16. Qxf3 Be7 17. Bb2 Kf8 18. Rfe1 Qc8 19. Re3 h5 20. Qg3 Rh7 21. Rae1 Qd8 22. Rf3 Bf6 23. Bxf6 gxf6 24. Qf4 f5 25. b5 cxb5 26. c6 Rc8 27. Rc1 Rg7 28. Rg3 Rxg3 29. Qxg3 Qc7 30. Qc3 Ke7 31. Qb4+ Qd6 32. Qxb5 d4 33. Qd3 Rxc6 34. Rxc6 Qxc6 35. Qxd4 Qc1+ 36. Kh2 Qxa3 37. Qh4+ Kf8 38. Qd8+ Kg7 39. Qg5+ Kf8 40. Qxh5 Qb2 41. Qh6+ Kg8 42. Qf4 Kg7 43. g3 Qf6 44. Kg2 Kg6 45. h4 Qd8 46. Qf3 Qd4 47. Qc6 Kg7 48. Qc2 Qd5+ 49. Kg1 Qd4 50. Qc1 Qg4 51. Qc3+ Kh7 52. Qf6 Qg6 53. Qe5 Qg4 54. Kg2 Qg6 55. Kf3 Qg4+ 56. Ke3 Kg6 57. Qd4 Qh5 58. f3 Kh7 59. Qf6 Qg6 60. Qxg6+ Kxg6 61. Kd4 f6 62. Kc5 e5 63. Kc4 Kh5 64. Kd5 Kg6 65. g4 fxg4 66. fxg4 f5 67. h5+ Kg5 68. h6 Kxh6 69. gxf5 Kg7 70. Kxe5 Kf7 71. f6 Kf8 72. Ke6 Ke8 73. f7+ Kf8 74. Kf6 1/2-1/2

[Event "GRENKE Chess Open 2024"]
[Site "Karlsruhe"]
[Date "2024.04.01"]
[Round "8.44"]
[White "Baranciuc, Alexandr"]
[Black "Mainka, Alwin"]
[Result "1-0"]
[WhiteElo "2336"]
[BlackElo "2216"]
[Annotator "ChessBase"]
[PlyCount "63"]
[EventDate "2024.03.28"]
[EventType "swiss"]
[EventCountry "GER"]
[SourceTitle "playchess.com"]
[Source "ChessBase"]
[SourceQuality "1"]

1. e4 c5 2. Nf3 d6 3. Bb5+ Bd7 4. Bxd7+ Qxd7 5. O-O Nc6 6. c3 d5 7. exd5 Qxd5 8. d4 e6 9. Be3 cxd4 10. Nxd4 Nxd4 11. Bxd4 Ne7 12. Na3 a6 13. Qe2 Nc6 14. Rfd1 Nxd4 15. Rxd4 Qf5 16. Nc4 Bc5 17. Nd6+ Bxd6 18. Rxd6 O-O 19. Rad1 h6 20. h3 Qa5 21. a3 b5 22. Qf3 Qa4 23. Rd7 Rab8 24. R1d2 Qc4 25. Ra7 Rb6 26. Rxf7 Rxf7 27. Rd8+ Kh7 28. Qxf7 Qe4 29. Rf8 Rb7 30. Qe8 g5 31. Rh8+ Kg7 32. Qf8+ 1-0

[Event "GRENKE Chess Open 2024"]
[Site "Karlsruhe"]
[Date "2024.04.01"]
[Round "8.45"]
[White "Monroy, Charles"]
[Black "Toktomushev, Teimur"]
[Result "1/2-1/2"]
[WhiteElo "2393"]
[BlackElo "2268"]
[Annotator "RC"]
[PlyCount "169"]
[EventDate "2024.03.28"]
[EventType "swiss"]
[EventCountry "GER"]
[SourceTitle "playchess.com"]
[Source "ChessBase"]
[SourceQuality "1"]

1. Nf3 d5 2. d4 Nf6 3. c4 e6 4. Nc3 Be7 5. g3 O-O 6. Bg2 c6 7. O-O b6 8. Qd3 Ba6 9. b3 b5 10. cxb5 cxb5 11. Nxb5 Qb6 12. a4 Nc6 13. Bd2 Ne4 14. Rfc1 Nxd2 15. Qxd2 Bxb5 16. axb5 Qxb5 17. Qc2 Nb4 18. Qc7 Bd8 19. Qd6 Bb6 20. Bf1 Rfd8 21. Qf4 Qd7 22. h4 Nc6 23. e3 Qd6 24. Qg4 Rac8 25. Qh5 g6 26. Qg5 Qe7 27. Qf4 Bc7 28. Qh6 Bd6 29. h5 Qf8 30. Qxf8+ Kxf8 31. Ba6 Rc7 32. Bb5 Na5 33. Rcb1 Bb4 34. Ra4 Rb8 35. Rxb4 Rcb7 36. Rc1 Rxb5 37. Rc8+ Rxc8 38. Rxb5 Nc6 39. Rb7 Rb8 40. Rc7 Nd8 41. h6 Rb7 42. Rc8 Ke7 43. Ng5 f6 44. Nxh7 Nf7 45. Nf8 Nxh6 46. Nxg6+ Kf7 47. Nf4 Nf5 48. Rc6 Ng7 49. Rc3 Nf5 50. Nd3 Ke7 51. Nc5 Rc7 52. Rc1 Nd6 53. Ra1 e5 54. dxe5 fxe5 55. b4 Nc4 56. Ra6 Nb6 57. e4 dxe4 58. Nxe4 Ke6 59. Ra5 Rc4 60. f3 Rxb4 61. Rxa7 Nd5 62. Rh7 Rb2 63. Rh6+ Ke7 64. Nc5 Kf7 65. Nd3 Re2 66. Rh5 Kf6 67. Nf2 Kg6 68. Rh4 Re1+ 69. Kg2 Ne3+ 70. Kh3 Rf1 71. Re4 Rxf2 72. Rxe3 Kf6 73. Ra3 Kf5 74. Rb3 Rf1 75. Kg2 Ra1 76. Rb5 Kf6 77. Kh3 Ra4 78. Rb6+ Kg5 79. Re6 Kf5 80. Re8 Ra3 81. Rf8+ Kg5 82. Kg2 Ra2+ 83. Kf1 Rb2 84. g4 e4 85. fxe4 1/2-1/2

[Event "GRENKE Chess Open 2024"]
[Site "Karlsruhe"]
[Date "2024.04.01"]
[Round "8.45"]
[White "Nurgali, Nazerke"]
[Black "Gschiel, Alexander"]
[Result "1/2-1/2"]
[WhiteElo "2190"]
[BlackElo "2336"]
[Annotator "RC"]
[PlyCount "93"]
[EventDate "2024.03.28"]
[EventType "swiss"]
[EventCountry "GER"]
[SourceTitle "playchess.com"]
[Source "ChessBase"]
[SourceQuality "1"]

1. d4 d5 2. Nf3 e6 3. c4 Nf6 4. Nc3 a6 5. cxd5 exd5 6. Bg5 Be6 7. e3 Nbd7 8. Bd3 Bd6 9. h3 c6 10. Bf4 Qc7 11. Qd2 O-O 12. O-O Rfe8 13. Rac1 Bxf4 14. exf4 Ne4 15. Bxe4 dxe4 16. Ng5 Bc4 17. Rfe1 Nf6 18. Ncxe4 Nxe4 19. Nxe4 Bxa2 20. f5 f6 21. Nc5 Bd5 22. Rxe8+ Rxe8 23. Re1 Rxe1+ 24. Qxe1 Kf7 25. Qe2 a5 26. Qh5+ Kf8 27. Qxh7 Qf4 28. Qh8+ Kf7 29. Qh5+ Kf8 30. Qg4 Qc1+ 31. Kh2 Qxb2 32. Nd7+ Ke7 33. Qxg7+ Kd6 34. Nxf6 Qxd4 35. Qd7+ Kc5 36. Qe7+ Kc4 37. Nxd5 cxd5 38. Kg3 a4 39. f6 a3 40. f7 Qg7+ 41. Kh2 a2 42. f8=Q Qxf8 43. Qxf8 a1=Q 44. Qc8+ Kd3 45. Qf5+ Kc4 46. Qc8+ Kd3 47. Qf5+ 1/2-1/2

[Event "GRENKE Chess Open 2024"]
[Site "Karlsruhe"]
[Date "2024.04.01"]
[Round "8.46"]
[White "Pigeat, Alexandre"]
[Black "Hovhannisyan, Artur"]
[Result "1/2-1/2"]
[WhiteElo "2333"]
[BlackElo "2214"]
[Annotator "RC"]
[PlyCount "76"]
[EventDate "2024.03.28"]
[EventType "swiss"]
[EventCountry "GER"]
[SourceTitle "playchess.com"]
[Source "ChessBase"]
[SourceQuality "1"]

1. d4 Nf6 2. c4 e6 3. Nc3 d5 4. cxd5 exd5 5. g3 c6 6. Bg2 Bf5 7. e3 Be7 8. Nge2 O-O 9. O-O Re8 10. Kh1 Qc8 11. Nf4 Bd6 12. f3 Bxf4 13. exf4 h5 14. Re1 Na6 15. a3 Rxe1+ 16. Qxe1 Bh3 17. Be3 Qf5 18. Qd2 Re8 19. Bf2 Nc7 20. Nd1 Bxg2+ 21. Kxg2 Nb5 22. Ne3 Qd7 23. Qd3 Nd6 24. h3 Nc4 25. Nd1 Qe7 26. Kf1 Nd7 27. Ra2 Nf8 28. h4 g6 29. a4 Qe6 30. b3 Qh3+ 31. Kg1 Nd6 32. Ne3 Nf5 33. Nxf5 Qxf5 34. Qxf5 gxf5 35. Kf1 Kg7 36. Rd2 Nd7 37. Rd3 Kg6 38. Be1 Nf8 1/2-1/2

[Event "GRENKE Chess Open 2024"]
[Site "Karlsruhe"]
[Date "2024.04.01"]
[Round "8.46"]
[White "Soucek, Jan"]
[Black "Sowinski, Pawel"]
[Result "1/2-1/2"]
[WhiteElo "2077"]
[BlackElo "2387"]
[Annotator "RC"]
[PlyCount "117"]
[EventDate "2024.03.28"]
[EventType "swiss"]
[EventCountry "GER"]
[SourceTitle "playchess.com"]
[Source "ChessBase"]
[SourceQuality "1"]

1. d4 Nf6 2. Bg5 g6 3. Bxf6 exf6 4. e3 Bg7 5. g3 O-O 6. Bg2 d6 7. Ne2 Nd7 8. O-O f5 9. c4 Nf6 10. Qd3 c6 11. Nbc3 Re8 12. b4 Qe7 13. b5 Ne4 14. Rab1 h5 15. h4 Bh6 16. Nf4 Qf6 17. bxc6 bxc6 18. Nxe4 fxe4 19. Bxe4 d5 20. cxd5 Bxf4 21. exf4 cxd5 22. Bxd5 Bf5 23. Qf3 Bxb1 24. Bxa8 Bxa2 25. Bc6 Rd8 26. d5 a6 27. Rd1 Bc4 28. Qe4 Qxc6 29. dxc6 Rxd1+ 30. Kh2 Bd5 31. Qe8+ Kg7 32. f3 Bxf3 33. g4 Bxg4 34. Qe5+ Kg8 35. Qc3 Rd5 36. c7 a5 37. Qc6 Rd2+ 38. Kg3 Rd3+ 39. Kf2 Kg7 40. Qc5 a4 41. Qe5+ Kh7 42. Qf6 Rd2+ 43. Ke3 Rc2 44. Qxf7+ Kh6 45. Kd3 Rc6 46. Qf8+ Kh7 47. Qb8 Bf5+ 48. Kd4 Rc2 49. Qa7 Kh6 50. Ke5 a3 51. Qa8 Kh7 52. Kf6 Rxc7 53. Qxa3 Rb7 54. Qc5 Rd7 55. Qc6 Ra7 56. Qc5 Rb7 57. Qd5 Rc7 58. Qd8 Rb7 59. Qa8 1/2-1/2

[Event "GRENKE Chess Open 2024"]
[Site "Karlsruhe"]
[Date "2024.04.01"]
[Round "8.47"]
[White "Golubovic, Boris"]
[Black "Wagner, Benjamin"]
[Result "1/2-1/2"]
[WhiteElo "2329"]
[BlackElo "2151"]
[Annotator "ChessBase"]
[PlyCount "50"]
[EventDate "2024.03.28"]
[EventType "swiss"]
[EventCountry "GER"]
[SourceTitle "playchess.com"]
[Source "ChessBase"]
[SourceQuality "1"]

1. e4 c5 2. Nf3 e6 3. b3 a6 4. Bb2 Nc6 5. g3 d5 6. exd5 exd5 7. Qe2+ Qe7 8. Qxe7+ Ngxe7 9. Bg2 Nb4 10. Na3 Bf5 11. d3 Rc8 12. Kd2 f6 13. Nh4 Bd7 14. Rhe1 Kf7 15. Nb1 g5 16. Nf3 Bh6 17. Kd1 Rhd8 18. a3 Nbc6 19. Nc3 b5 20. b4 c4 21. d4 g4 22. Ng1 Nxd4 23. Nxd5 Nec6 24. Ne2 Nf3 25. Bxf6 Be6 1/2-1/2

[Event "GRENKE Chess Open 2024"]
[Site "Karlsruhe"]
[Date "2024.04.01"]
[Round "8.48"]
[White "Jeschke, Jan"]
[Black "Stork, Oliver"]
[Result "1/2-1/2"]
[WhiteElo "2153"]
[BlackElo "2329"]
[Annotator "ChessBase"]
[PlyCount "105"]
[EventDate "2024.03.28"]
[EventType "swiss"]
[EventCountry "GER"]
[SourceTitle "playchess.com"]
[Source "ChessBase"]
[SourceQuality "1"]

1. Nf3 d5 2. c4 e6 3. g3 Nf6 4. Bg2 Be7 5. O-O O-O 6. b3 d4 7. Bb2 c5 8. b4 Nc6 9. b5 Na5 10. d3 Bd6 11. e3 e5 12. exd4 exd4 13. Nbd2 Bf5 14. Qc2 h6 15. Rfe1 Qc7 16. Nh4 Bh7 17. Ne4 Nxe4 18. Bxe4 f5 19. Bd5+ Kh8 20. Re6 f4 21. Rae1 fxg3 22. fxg3 Bxg3 23. Re7 Qxe7 24. Rxe7 Bxh4 25. Re2 Rf6 26. Ba3 Raf8 27. Bxc5 Rf1+ 28. Kg2 R1f2+ 29. Rxf2 Rxf2+ 30. Qxf2 Bxf2 31. Kxf2 Bxd3 32. Bxa7 Bxc4 33. Bxc4 Nxc4 34. Bxd4 Kg8 35. a4 Kf7 36. Ke2 g5 37. Kd3 Nd6 38. Bc5 Ke6 39. Bxd6 Kxd6 40. a5 Kc5 41. a6 bxa6 42. bxa6 Kb6 43. Ke4 Kxa6 44. Kf5 Kb6 45. Kg6 Kc6 46. Kxh6 Kd6 47. Kxg5 Ke7 48. Kg6 Kf8 49. h4 Kg8 50. h5 Kh8 51. h6 Kg8 52. h7+ Kh8 53. Kh6 1/2-1/2

[Event "GRENKE Chess Open 2024"]
[Site "Karlsruhe"]
[Date "2024.04.01"]
[Round "8.49"]
[White "Hansch, Stephan"]
[Black "Kolb, Tobias"]
[Result "0-1"]
[WhiteElo "2148"]
[BlackElo "2323"]
[Annotator "ChessBase"]
[PlyCount "70"]
[EventDate "2024.03.28"]
[EventType "swiss"]
[EventCountry "GER"]
[SourceTitle "playchess.com"]
[Source "ChessBase"]
[SourceQuality "1"]

1. e4 c5 2. Nf3 e6 3. d4 cxd4 4. c3 dxc3 5. Nxc3 a6 6. Bc4 b5 7. Bb3 Nc6 8. O-O Na5 9. Re1 Nxb3 10. Qxb3 Bb7 11. Bf4 Be7 12. Rad1 Nf6 13. Bd6 Bxd6 14. Rxd6 O-O 15. a4 Qc7 16. Red1 Bxe4 17. Nxe4 Nxe4 18. Rxd7 Qxd7 19. Rxd7 Nc5 20. Qe3 Nxd7 21. a5 h6 22. g4 Nf6 23. g5 hxg5 24. Nxg5 b4 25. h4 Rfd8 26. Qb6 Nh7 27. Ne4 b3 28. Qxb3 Rab8 29. Qc4 Rxb2 30. Qxa6 Ra2 31. Qa7 Nf8 32. a6 Rd5 33. Qb7 Rd7 34. Qa8 Ra5 35. Kg2 Rd4 0-1

[Event "GRENKE Chess Open 2024"]
[Site "Karlsruhe"]
[Date "2024.04.01"]
[Round "8.50"]
[White "Schwibbert, Jonas"]
[Black "Coenen, Michael"]
[Result "0-1"]
[WhiteElo "2131"]
[BlackElo "2320"]
[Annotator "ChessBase"]
[PlyCount "86"]
[EventDate "2024.03.28"]
[EventType "swiss"]
[EventCountry "GER"]
[SourceTitle "playchess.com"]
[Source "ChessBase"]
[SourceQuality "1"]

1. d4 d5 2. c4 e6 3. Nf3 Nf6 4. Nc3 a6 5. c5 b6 6. cxb6 cxb6 7. Bf4 Bd6 8. Bxd6 Qxd6 9. e3 Nbd7 10. Be2 O-O 11. O-O Bb7 12. Qb3 b5 13. a3 Rfc8 14. Rac1 Nb6 15. a4 b4 16. Na2 a5 17. Ne5 Ne4 18. Qd1 b3 19. Rxc8+ Rxc8 20. Nc1 Nxa4 21. Qxb3 Qb4 22. Ned3 Qxb3 23. Nxb3 Ba6 24. Rc1 Rxc1+ 25. Ndxc1 Bxe2 26. Nxe2 Nxb2 27. Nxa5 Nd1 28. f3 Nd6 29. e4 dxe4 30. fxe4 Nxe4 31. Nc6 Kf8 32. Nf4 Ne3 33. Nd3 Ke8 34. h3 Kd7 35. Nde5+ Kd6 36. Nb4 f6 37. Nf3 h5 38. h4 Nf5 39. Nc2 Kd5 40. Nb4+ Kc4 41. Nc6 Nc3 42. Nd8 Ne2+ 43. Kf2 Nexd4 0-1

[Event "GRENKE Chess Open 2024"]
[Site "Karlsruhe"]
[Date "2024.04.01"]
[Round "8.51"]
[White "Van Dael, Siem"]
[Black "Szakolczai, Peter"]
[Result "1/2-1/2"]
[WhiteElo "2320"]
[BlackElo "2145"]
[Annotator "RC"]
[PlyCount "63"]
[EventDate "2024.03.28"]
[EventType "swiss"]
[EventCountry "GER"]
[SourceTitle "playchess.com"]
[Source "ChessBase"]
[SourceQuality "1"]

1. e4 c5 2. c3 g6 3. d4 cxd4 4. cxd4 d5 5. e5 Bg7 6. Nc3 Nc6 7. Be2 Nh6 8. Nf3 Bg4 9. Qb3 Qd7 10. Be3 Nf5 11. Rd1 e6 12. O-O O-O 13. Ne1 Bxe2 14. Nxe2 Rfc8 15. Bc1 Rc7 16. g4 Nfe7 17. f4 Na5 18. Qh3 Qa4 19. Rd3 Rac8 20. Nc3 Qd7 21. Qh4 b5 22. Rh3 h5 23. f5 exf5 24. gxh5 Qe6 25. Bg5 gxh5 26. Nxb5 Rd7 27. Nd3 Rc2 28. Nf4 Qb6 29. Nxh5 Kf8 30. Nxg7 Ng6 31. Qh6 f6 32. Qxg6 1/2-1/2

[Event "GRENKE Chess Open 2024"]
[Site "Karlsruhe"]
[Date "2024.04.01"]
[Round "8.52"]
[White "Song, Julien"]
[Black "Braeutigam, Alexander"]
[Result "1/2-1/2"]
[WhiteElo "2311"]
[BlackElo "2072"]
[Annotator "RC"]
[PlyCount "48"]
[EventDate "2024.03.28"]
[EventType "swiss"]
[EventCountry "GER"]
[SourceTitle "playchess.com"]
[Source "ChessBase"]
[SourceQuality "1"]

1. e4 c5 2. c3 g6 3. Nf3 Bg7 4. d3 d5 5. Nbd2 Nc6 6. Be2 Nf6 7. O-O O-O 8. h3 Qc7 9. Qc2 b6 10. Re1 Bb7 11. Bf1 e5 12. a3 Rfd8 13. b3 a6 14. Bb2 Rd7 15. Rac1 Rad8 16. b4 c4 17. exd5 cxd3 18. Qb1 Nxd5 19. c4 Nf4 20. b5 Nd4 21. Bxd4 Rxd4 22. Nxd4 Rxd4 23. Re3 Bh6 24. Rce1 Ne2+ 1/2-1/2